000 00705na a2200217 4500
001 21648
003 MIRAKIL
005 20181213155204.0
008 170206b tu 000 0
040 _aMilas
_btur
_cTR-AnCHP
041 _atur
082 _a351.7225
_bA86i 2007
090 _a351.7225 A86i 2007
110 _aAvrupa Birliği Genel Sekreterliği
245 _a2007 mali yılı kesin hesabı
_cT.C. Avrupa Birliği Genel Sekreterliği
260 _aAnkara
_bT.C. Avrupa Birliği Genel Sekreterliği
_c2007
300 _a36 s.
_btbl.
_c20 sm.
610 _aAvrupa Birliği Genel Sekreterliği
_xKesin bütçe
_y2007
710 _aT.C. Avrupa Birliği Genel Sekreterliği
942 _2ddc
_cBKS
999 _c8217
_d8217